El origen del hombre /

Documental donde se explica la evolución del hombre desde sus comienzos, por National Geographic. La evolución humana o también hominización se define como el proceso de transformación de la especie humana desde sus ancestros hasta el estado actual. El estudio de dicho proceso es una búsqueda interd...

Descripción completa

Guardado en:
Autor Corporativo: National Geographic.
Formato: Deslizar
Publicado: Estados Unidos, 2010.
Materias:
Etiquetas: Agregar Etiqueta
Sin Etiquetas, Sea el primero en etiquetar este registro!
LEADER 01231ngm a22002535g 4500
001 CEM.cems023244
008 130507s2010##################0###0#####d
005 20250220180505.0
245 0 0 |a El origen del hombre /  |c National Geographic. 
260 |a Estados Unidos,  |c 2010. 
300 |a 46'. 
500 |a Consultar en ventanilla. 
520 |a Documental donde se explica la evolución del hombre desde sus comienzos, por National Geographic. La evolución humana o también hominización se define como el proceso de transformación de la especie humana desde sus ancestros hasta el estado actual. El estudio de dicho proceso es una búsqueda interdisciplinar en la que se aúnan conocimientos procedentes de ciencias como la antropología física, la lingüística y la genética. ¦650O 
538 |a Soporte: DVD - Resolución: 352x240 - Grabación DRD 2010 
590 |a Identificación anterior registrada en SIABUC: DVD Nº73 
110 2 |a National Geographic. 
082 3 0 |/ NAT 
653 |a ORIGEN DEL HOMBRE 
653 |a ANTROPOLOGÍA 
653 |a EVOLUCIÓN 
653 |a HISTORIA 
653 |a PREHISTORIA 
653 |a NIVEL SECUNDARIO 
859 |a CEMS  |b BIB. CEMS - Depto. Recursos Didacticos  |h 301  |i NAT  |k DRD  |p 1887.13  |t Ej.1